00974nam a2200241 a 450000100100000000500170001000800410002704000250006808200150009324501180010826000340022630000210026049000230028149000280030450000320033270000640036471001030042883000300053183000350056104900090059695201120060599900150071700000927120240704114906.0090929s1998 dr 000 0 spa d aDO-SdBNPbspacBNPHU axxxbP965r00aPropuesta de reforma a los códigos civil y de procedimiento civil /cpresentación Aura Celeste Fernández R. aSanto Domingo :bCAMJ,c1998. a185 p. ;c22 cm.1 aFórum Permanente1 aCuadernos de la reforma aIncluye índice temático1 aFernández Rodríguez, Aura Celeste,d1959-epres.9765471 aRepública Dominicana.bComisionado de Apoyo a la Reforma y Modernización de la Justicia917179 0aFórum Permanente923987 0aCuadernos de la reforma923988 aBNPD 0010718PDaPDbPDcCTd2009-09-29iLF1l0oxxx P965rp9271-10r2020-06-25w2020-06-25yLFPDZNo se presta c9033d9033